Explain Country's Flag - Statistics

General Stats
  • This quiz has been taken 21 times
  • The average score is 7 of 10
Answer Stats
Hint Answer % Correct
Maple leaf on the flag Canada
95%
Just red circle at the middle. Others are white Japan
95%
50 stars at flag United States
95%
Green, Arabic on the flag Saudi Arabia
89%
Flag with Yellow Lion Sri Lanka
74%
Similar to Chad's flag Romania
68%
Yellow sun, 3 stripes. Blue, white, Blue Argentina
63%
It has a cross at the middle. The white cross Switzerland
58%
Top is Green, Middle is yellow, bottom is blue Gabon
47%
4 blacks on each side, which means Sky, earth, water, fire South Korea
42%
No matching quizzes found
Score Distribution
Percent of People with Each Score
Percentile by Number Answered
Your Score History
You have not taken this quiz